Promoció i dinamització de polígons d'activitat econòmica : guia per als ens locals guia per als ens locals
ISBN:
978-84-9803-388-5
Descripción Física:
132 p. ; 29 cm
MARC
| LEADER | 00000nam a2200000Ia 4500 | ||
|---|---|---|---|
| 001 | 22890 | ||
| 008 | 160829s2010 xx 000 0 cat d | ||
| 020 | |a 978-84-9803-388-5 | ||
| 080 | |a M-6-369 | ||
| 245 | |a Promoció i dinamització de polígons d'activitat econòmica : |b guia per als ens locals | ||
| 260 | |a Barcelona : |b Diputació de Barcelona. Àrea de Desenvolupament Econòmic, |c 2010 | ||
| 300 | |a 132 p. ; |c 29 cm | ||
| 490 | |a Documents de treball. Desenvolupament econòmic ; 10 | ||
| 590 | |a Bibliografia | ||
| 650 | |a Polígons d'Activitat Econòmica (PAE) |9 41369 | ||
| 650 | 0 | |a Desenvolupament econòmic |x Barcelona (Província) |9 41370 | |
| 650 | 0 | |a Empreses |x Direcció i administració |9 10980 | |
| 710 | 1 | |a Barcelona (Catalunya : Província). |b Àrea de Desenvolupament Econòmic |9 52904 | |
| 901 | |a Arxiu | ||
| 942 | |n 1 | ||
| 952 | |0 0 |1 0 |4 0 |6 M6369 |7 1 |9 50179 |a Arxiu |b Arxiu |d 2016-12-01 |l 0 |o M-6-369 |p 22890 |r 2016-12-01 00:00:00 |w 2016-12-01 |y ARXIU | ||
| 999 | |c 54021 |d 54021 | ||